00545nam a2200217Ia 4500008004100000020001800041041000800059082002000067100001900087245004200106250000800148260003300156300000800189365001400197650001700211650001900228700002100247700001900268700002000287700002000307140306s9999 xx 000 0 und d a9788126514410 aeng a658.004bEFR/IT aDfraim, Turban aInformation Technology for Management a6th aNew DelhibWiley Indiac2009 a700 bRs. 419/- aOrganization aWeb Revolution aDorothy, Leidner aEfraim, Turban aEphraim, Mclean aJames, Wetherbe